Okresy Rimavská Sobota a Revúca v tlači za rok 2000 regionálna bibliografická ročenka

Bibliographic Details
Corporate Author: Knižnica Mateja Hrebendu (Rimavská Sobota, Slovensko)
Other Authors: Bodorová, Silvia, 1976- (Compiler)
Format: Software eBook
Language:Slovak
PhysicalDescription:1 elektronický optický disk (CD-ROM) 12 cm
Published: Rimavská Sobota Knižnica Mateja Hrebendu 2005
Subjects:

MARC

LEADER 00000nam a2200000 a 4500
001 vtls008303087
003 SK-MaSNL
005 20260331204036.0
007 co ugu uuua
008 051014s2005 xo gsb 000 0 slo
015 |a SNBSAB2005-00058 
040 |a SNK  |b slo  |c SNK  |e AACR2 
041 0 |a slo 
044 |a xo  |c SK 
072 7 |a 01  |x Bibliografia. Katalógy  |2 konspekt 
080 |a 015  |x (437.642.118)  |x (437.642.119)  |x (0.034)  |x "2000"  |2 2001 
080 |a (0.034.44)  |2 2001 
100 1 |a Bodorová, Silvia,  |d 1976-  |4 com  |9 252266 
245 1 0 |a Okresy Rimavská Sobota a Revúca v tlači za rok 2000  |h elektronický zdroj  |b regionálna bibliografická ročenka  |c [zostavila: Silvia Bodorová ; zodp. red.: Táňa Mikitová] 
256 |a Elektronické bibliografické databázy 
260 |a Rimavská Sobota  |b Knižnica Mateja Hrebendu  |c 2005 
300 |a 1 elektronický optický disk (CD-ROM)  |c 12 cm 
500 |a CD ROM obsahuje 2 súbory vo Worde, veľkosť: 654 kB, 665 kB ; počet strán 149, text je písaný v 2 stĺpcoch 
504 |a Usporiadanie podľa MDT. 1607 zázn. o čl. v slov. Reg. aut., geografický, personálny a predm. Zozn. excerp. prameňov 
538 |a Systém BIBLIS 
650 0 7 |a politický život  |2 SNKPH  |9 74723 
650 0 7 |a hospodársky život  |2 SNKPH  |9 296708 
650 0 7 |a spoločenský život  |2 SNKPH  |9 28654 
650 0 7 |a kultúrny život  |2 SNKPH  |9 3182 
651 7 |a Rimavská Sobota (Slovensko : okres)  |2 snkbubb  |9 65043 
651 7 |a Revúca (Slovensko : okres)  |2 snkbubb  |9 56262 
655 7 |a regionálne bibliografie  |2 SNKPH  |9 70484 
655 7 |a periodické bibliografie  |2 SNKPH  |9 432966 
655 7 |a elektronické bibliografické databázy  |2 SNKPH  |9 73328 
655 7 |a CD-ROM  |2 SNKPH  |9 70236 
700 1 |a Mikitová, Táňa  |4 lso  |9 11483 
710 2 |a Knižnica Mateja Hrebendu (Rimavská Sobota, Slovensko)  |9 32336 
999 |c 1164065  |d 1165995 
952 |a SNK  |b SNK  |y PREZ  |7 0  |p 17A0485644  |o snkSCDM 758  |i snk2005/17118  |8 0  |0 0  |1 0  |4 0  |d 2005-10-14  |l 0  |r 2026-02-24 20:43:42  |w 2026-02-24 
952 |a SNK  |b SNK  |y PREZ  |7 0  |p 17A0485645  |o snkSCDM 758 D1  |i snk2005/17119  |8 0  |0 0  |1 0  |4 0  |d 2005-10-14  |l 0  |r 2026-02-24 20:43:42  |w 2026-02-24